Rocky Mountain National Park / (Record no. 410620)
[ view plain ]
| 000 -LEADER | |
|---|---|
| fixed length control field | 01574nam a2200277 i 4500 |
| 001 - CONTROL NUMBER | |
| control field | 2445621 |
| 003 - CONTROL NUMBER IDENTIFIER | |
| control field | IlBcCP |
| 005 - DATE AND TIME OF LATEST TRANSACTION | |
| control field | 20260127133436.0 |
| 008 - FIXED-LENGTH DATA ELEMENTS--GENERAL INFORMATION | |
| fixed length control field | 260127s2025 mnuab 001 0 eng |
| 020 ## - INTERNATIONAL STANDARD BOOK NUMBER | |
| International Standard Book Number | 1098297199 |
| 020 ## - INTERNATIONAL STANDARD BOOK NUMBER | |
| International Standard Book Number | 9781098297190 |
| 040 ## - CATALOGING SOURCE | |
| Description conventions | rda |
| Transcribing agency | IlBcCP |
| Language of cataloging | eng |
| 082 14 - DEWEY DECIMAL CLASSIFICATION NUMBER | |
| Classification number | 978.8 |
| Edition number | 23 |
| 100 1# - MAIN ENTRY--PERSONAL NAME | |
| Personal name | Hudak, Heather C., |
| Relator term | author. |
| 9 (RLIN) | 6481280 |
| 245 10 - TITLE STATEMENT | |
| Title | Rocky Mountain National Park / |
| Statement of responsibility, etc | Heather C. Hudak. |
| 264 #1 - Production, Publication, Distribution, Manufacture, and Copyright Notice. | |
| Place of production, publication, distribution, manufacture | Minneapolis, MN : |
| Name of producer, publisher, distributor, manufacturer | ABDO Publishing Company, |
| Date of production, publication, distribution, manufacture, or copyr | 2025. |
| 300 ## - PHYSICAL DESCRIPTION | |
| Extent | 48 pages : |
| Other physical details | color illustrations, color map ; |
| Dimensions | 24 cm |
| 336 ## - Content Type | |
| Content type term | text |
| 337 ## - Media type | |
| Media type term | unmediated |
| 338 ## - Carrier type | |
| Carrier type term | volume |
| 500 ## - GENERAL NOTE | |
| General note | Includes index. |
| 520 ## - SUMMARY, ETC. | |
| Summary, etc | Rocky Mountain National Park is in northern Colorado. The park protects a portion of the Rocky Mountains. More than four million people travel to the park every year to hike and take in the gorgeous mountain views. Rocky Mountain National Park explores the park's history, wildlife, recreation opportunities, and conservation efforts. Easy-to-read text, vivid images, and helpful back matter give readers a clear look at this subject. Features include a table of contents, infographics, a glossary, additional resources, and an index. Aligned to Common Core Standards and correlated to state standards. Core Library is an imprint of Abdo Publishing, a division of ABDO. |
| 521 2# - TARGET AUDIENCE NOTE | |
| Target audience note | 3456 |
| Source | Libraria. |
| 650 #0 - SUBJECT ADDED ENTRY--TOPICAL TERM | |
| Topical term or geographic name as entry element | National parks and reserves |
| Form subdivision | Juvenile literature. |
| 9 (RLIN) | 5740375 |
| 651 #0 - SUBJECT ADDED ENTRY--GEOGRAPHIC NAME | |
| Geographic name | Rocky Mountain National Park (Colo.) |
| Form subdivision | Juvenile literature. |
| 9 (RLIN) | 6462308 |
| Withdrawn status | Lost status | Source of classification or shelving scheme | Damaged status | Not for loan | Collection code | Home library | Current library | Shelving location | Date acquired | Source of acquisition | Total Checkouts | Full call number | Barcode | Date last seen | Cost, replacement price | Price effective from | Koha item type |
|---|---|---|---|---|---|---|---|---|---|---|---|---|---|---|---|---|---|
| Dewey Decimal Classification | Junior NonFiction | Wasatch County Library | Wasatch County Library | Second Floor | 08/13/2025 | Penworthy | J 978.8 Hudak | 34301002164079 | 12/26/2025 | 25.95 | 08/13/2025 | BOOK |
